KOHA-Header-6

Business Ethics In Action (Record no. 13726)

000 -LEADER
fixed length control field 00303nam a22001337a 4500
020 ## - INTERNATIONAL STANDARD BOOK NUMBER
ISBN 9781137609175
082 ## - DEWEY DECIMAL CLASSIFICATION NUMBER
Classification number 174.4
100 ## - MAIN ENTRY--AUTHOR NAME
Personal name Mele, Domenec
245 ## - TITLE STATEMENT
Title Business Ethics In Action
250 ## - EDITION STATEMENT
Edition statement Second Edition
260 ## - PUBLICATION, DISTRIBUTION, ETC. (IMPRINT)
Place of publication UK
Name of publisher RED GLOBE PRESS
Year of publication 2020
300 ## - PHYSICAL DESCRIPTION
Number of Pages xxiv, 400 pages
942 ## - ADDED ENTRY ELEMENTS (KOHA)
Koha item type Books
Holdings
Withdrawn status Lost status Collection code Permanent Location Current Location Shelving location Date acquired Full call number Accession Number Koha item type
    Business MAJU MAJU Shelf No.A-1 2023-03-20 174.4 10822 Books

Powered by Koha